000 00526nam a2200181Ia 4500
008 100920s9999 xx 000 0 und d
082 _b75603
_a891.463.1 न 00
100 _aशिंत्रे किशोर.
245 _aशर्यत.
260 _bमेनका प्रकाशन, पुणे.
_c2000
300 _a168
_bसाधी
365 _b120
520 _aलघुकथा.
630 _aशर्यत.
650 _aलघुकथा.
730 _aशर्यत.
942 _cBOOK
999 _c717098
_d717095